| 000 | 00869nam a22003017a 4500 | ||
|---|---|---|---|
| 001 | BR0204243 | ||
| 003 | BR-BrBNA | ||
| 005 | 20230928101134.0 | ||
| 007 | ta | ||
| 008 | 230509b bl.||||| |||| 00| 0 por d | ||
| 040 |
_aBR-BrBNA _bpor _cBiblioteca Nacional de Agricultura |
||
| 041 | _a(Por) | ||
| 072 | _aF06; U10 | ||
| 090 | _ F06 BR0204243 | ||
| 100 | 1 | _aOlitta, A.F.L. | |
| 245 | 1 | _aOs métodos de irrigação | |
| 260 | 3 |
_aSão Paulo, SP (Brasil): _bLivraria Nobel S.A., _c1981. |
|
| 300 | _a267 p. | ||
| 500 | _aSeveral bibliography; 111 illus.; 19 tables | ||
| 650 | _aIRRIGAÇÃO POR ASPERSÃO | ||
| 650 | _aIRRIGAÇÃO POR GOTEJAMENTO | ||
| 650 | _aIRRIGAÇÃO POR INUNDAÇÃO | ||
| 650 | _aIRRIGAÇÃO POR SULCO | ||
| 650 | _aEQUIPAMENTO AGRÍCOLA | ||
| 650 | _aMODELO MATEMÁTICO | ||
| 909 |
_a202309 _bLucia _c55 _dLucia Elande |
||
| 942 | _cBK | ||
| 999 |
_c64426 _d64426 |
||